[Event "San Francisco TNM Fall op"]
[Site "San Francisco"]
[Date "2012.11.06"]
[Round "4"]
[White "Maser, Thomas F"]
[Black "Cole, Tony"]
[Result "1-0"]
[WhiteElo "1990"]
[BlackElo "1523"]
[PlyCount "53"]
[EventDate "2012.10.16"]
[EventType "swiss"]
[EventRounds "9"]
[EventCountry "USA"]
[SourceTitle "EXT 2014"]
[Source "ChessBase"]
[SourceDate "2013.11.20"]
[SourceVersion "1"]
[SourceVersionDate "2013.11.20"]
[SourceQuality "1"]

1. e4 e5 2. Nf3 Nc6 3. Bb5 Nge7 4. c3 a6 5. Ba4 b5 6. Bc2 d5 7. 0-0 Bg4 8. Re1 d4 9. d3 Ng6 10. h3 Bxf3 11. Qxf3 Qh4 12. Bb3 f6 13. a4 b4 14. Qf5 Nce7 15. Qe6 Nf4 16. Bxf4 Qxf4 17. Bd5 Kd8 18. Bxa8 c6 19. Qd6+ Kc8 20. Bxc6 Nxc6 21. Qxc6+ Kb8 22. Qb6+ Ka8 23. Qxa6+ Kb8 24. Qb6+ Ka8 25. cxb4 g5 26. Na3 Bh6 27. Nb5 1-0

[Event "San Francisco TNM Marathon op"]
[Site "San Francisco"]
[Date "2012.09.18"]
[Round "8"]
[White "Hack, Richard"]
[Black "Cole, Tony"]
[Result "1-0"]
[WhiteElo "1666"]
[BlackElo "1604"]
[PlyCount "83"]
[EventDate "2012.07.31"]
[EventType "swiss"]
[EventRounds "9"]
[EventCountry "USA"]
[SourceTitle "EXT 2014"]
[Source "ChessBase"]
[SourceDate "2013.11.20"]
[SourceVersion "1"]
[SourceVersionDate "2013.11.20"]
[SourceQuality "1"]

1. e4 e5 2. Nf3 Nc6 3. Bb5 Nge7 4. 0-0 a6 5. Ba4 b5 6. Bb3 d6 7. h3 h6 8. c3 g5 9. d4 g4 10. hxg4 Bxg4 11. Be3 Ng6 12. d5 Na5 13. Bc2 Nh4 14. Nbd2 Nc4 15. Nxc4 bxc4 16. Qe2 Nxf3+ 17. gxf3 Bh3 18. Ba4+ Ke7 19. Rfe1 h5 20. Bg5+ f6 21. Bh4 Bh6 22. Kh2 Qc8 23. Rg1 Bf4+ 24. Bg3 Bd7 25. Bxf4 Bxa4 26. Be3 f5 27. Rg7+ Kd8 28. Rag1 Qb7 29. exf5 Qxd5 30. f6 Kc8 31. Re7 e4 32. fxe4 Qc6 33. Rgg7 Kb7 34. Rxc7+ Qxc7 35. Rxc7+ Kxc7 36. Qxc4+ Bc6 37. Bf4 Rhf8 38. Qe6 Rad8 39. Qe7+ Kb6 40. Bxd6 Kb5 41. Qe5+ Kb6 42. Qc5+ 1-0

[Event "San Francisco TNM Marathon op"]
[Site "San Francisco"]
[Date "2012.09.04"]
[Round "6"]
[White "James, Charles"]
[Black "Cole, Tony"]
[Result "0-1"]
[WhiteElo "1482"]
[BlackElo "1604"]
[PlyCount "70"]
[EventDate "2012.07.31"]
[EventType "swiss"]
[EventRounds "9"]
[EventCountry "USA"]
[SourceTitle "EXT 2014"]
[Source "ChessBase"]
[SourceDate "2013.11.20"]
[SourceVersion "1"]
[SourceVersionDate "2013.11.20"]
[SourceQuality "1"]

1. d4 d5 2. c4 Nf6 3. Nc3 Nc6 4. Nf3 Bf5 5. e3 e6 6. Bd3 Bg4 7. h3 Bh5 8. g4 Bg6 9. Bxg6 hxg6 10. c5 Nxg4 11. Qe2 Qd7 12. Bd2 b6 13. Na4 Na5 14. b3 Nc6 15. Qa6 Rb8 16. Qd3 bxc5 17. Nxc5 Bxc5 18. dxc5 e5 19. e4 d4 20. Qc4 f5 21. Ng5 fxe4 22. Nxe4 Qf5 23. Qd3 Nb4 24. Bxb4 Rxb4 25. 0-0 Qh5 26. Kg2 Ne3+ 27. fxe3 Qxh3+ 28. Kf2 dxe3+ 29. Qxe3 Rf8+ 30. Ke2 Qg2+ 31. Rf2 Rxf2+ 32. Kd3 Rd4+ 33. Qxd4 exd4 34. Kxd4 Rf4 35. Re1 Qf2+ 0-1

[Event "San Francisco TNM Marathon op"]
[Site "San Francisco"]
[Date "2012.08.28"]
[Round "5"]
[White "Langrog, Alex"]
[Black "Cole, Tony"]
[Result "0-1"]
[WhiteElo "1347"]
[BlackElo "1604"]
[PlyCount "55"]
[EventDate "2012.07.31"]
[EventType "swiss"]
[EventRounds "9"]
[EventCountry "USA"]
[SourceTitle "EXT 2014"]
[Source "ChessBase"]
[SourceDate "2013.11.20"]
[SourceVersion "1"]
[SourceVersionDate "2013.11.20"]
[SourceQuality "1"]

1. e4 c5 2. Nf3 d6 3. d4 cxd4 4. Nxd4 Nf6 5. Nc3 g6 6. Bc4 Bg7 7. 0-0 0-0 8. Be3 Nc6 9. Qd2 Ng4 10. Nxc6 bxc6 11. f3 Nxe3 12. Qxe3 Rb8 13. Rab1 Qb6 14. Qxb6 axb6 15. Ne2 b5 16. Bb3 Be6 17. c3 b4 18. Rfc1 c5 19. Nf4 Bxb3 20. axb3 Bh6 21. Nd5 e6 22. Ne7+ Kg7 23. Rd1 Rb6 24. Ra1 Bg5 25. Ra7 Re8 26. Rd7 Bxe7 27. Ra1 bxc3 28. bxc3 0-1

[Event "San Francisco TNM Marathon op"]
[Site "San Francisco"]
[Date "2012.08.21"]
[Round "4"]
[White "Cole, Tony"]
[Black "Afkham Ebrahimi, Payam"]
[Result "0-1"]
[WhiteElo "1604"]
[BlackElo "1873"]
[PlyCount "80"]
[EventDate "2012.07.31"]
[EventType "swiss"]
[EventRounds "9"]
[EventCountry "USA"]
[SourceTitle "EXT 2014"]
[Source "ChessBase"]
[SourceDate "2013.11.20"]
[SourceVersion "1"]
[SourceVersionDate "2013.11.20"]
[SourceQuality "1"]

1. e4 d5 2. exd5 Qxd5 3. Nc3 Qa5 4. Bc4 Nf6 5. Nf3 Nc6 6. d3 Bg4 7. h3 Bh5 8. Bd2 Ne5 9. Nd5 Nxf3+ 10. gxf3 Qc5 11. Be3 Qd6 12. Bf4 e5 13. Nxf6+ Qxf6 14. Bxe5 Qxe5+ 15. Qe2 Qxe2+ 16. Kxe2 Bd6 17. Bd5 c6 18. Be4 0-0 19. d4 f5 20. Bd3 Rae8+ 21. Kf1 Bxf3 22. Rg1 Rf6 23. Bc4+ Kf8 24. Bd3 Bf4 25. h4 Bd2 26. Rg3 Bg4 27. Kg2 Bf4 28. Rh3 Bxh3+ 29. Kxh3 g6 30. Kg2 Rd6 31. c3 c5 32. h5 cxd4 33. hxg6 hxg6 34. cxd4 Rxd4 35. Bb5 Re5 36. Bf1 g5 37. a4 g4 38. Ra3 Rd1 39. Rc3 Ree1 40. Rc8+ Ke7 0-1

[Event "San Francisco TNM Summer op"]
[Site "San Francisco"]
[Date "2012.07.10"]
[Round "8"]
[White "Dembling, Arthur"]
[Black "Cole, Tony"]
[Result "1-0"]
[WhiteElo "1708"]
[BlackElo "1547"]
[PlyCount "37"]
[EventDate "2012.05.22"]
[EventType "swiss"]
[EventRounds "8"]
[EventCountry "USA"]
[SourceTitle "EXT 2014"]
[Source "ChessBase"]
[SourceDate "2013.11.20"]
[SourceVersion "1"]
[SourceVersionDate "2013.11.20"]
[SourceQuality "1"]

1. e4 e5 2. Nf3 Nc6 3. Bb5 Nd4 4. Nxd4 exd4 5. 0-0 c6 6. Ba4 h5 7. d3 Be7 8. Nd2 g5 9. f4 g4 10. Bb3 d5 11. exd5 cxd5 12. Qe2 Nf6 13. Re1 h4 14. Qe5 Rh6 15. Qxd4 Bf5 16. Qe5 Qd7 17. Ba4 0-0-0 18. Bxd7+ Bxd7 19. Qxe7 1-0